Les 25 plus grands états des Etats-Unis (Mort subite) - Statistiques

Statistiques générales
  • Ce quiz a été pris 379 fois
  • Le résultat moyen est 6 sur 25
Answers on the Grid
Answers color-coded by a green-red scale on the quiz's grid according to % correct below.
Alaska
Texas
Californie
Montana
Nouveau-Mexique
Arizona
Nevada
Colorado
Oregon
Wyoming
Michigan
Minnesota
Utah
Idaho
Kansas
Nebraska
Dakota du Sud
Washington
Dakota du Nord
Oklahoma
Missouri
Floride
Wisconsin
Géorgie
Illinois
Iowa
New-York
Caroline du Nord
Arkansas
Alabama
Louisiane
Mississippi
Pennsylvanie
Ohio
Virginie
Tennessee
Kentucky
Indiana
Maine
Caroline du Sud
Virginie-Occidentale
Maryland
Hawaii
Massachusetts
Vermont
New-Hampshire
New-Jersey
Connecticut
Delaware
Rhode Island
 
Statistiques - réponses
Réponse % Correct
Texas
62%
Alaska
56%
Californie
47%
Nouveau-Mexique
41%
Arizona
38%
Colorado
32%
Nevada
30%
Dakota du Nord
29%
Washington
27%
Floride
26%
Montana
26%
Utah
25%
Oregon
24%
Michigan
23%
Dakota du Sud
22%
Minnesota
20%
Wyoming
17%
Nebraska
16%
Oklahoma
14%
Kansas
13%
Wisconsin
13%
Idaho
11%
Missouri
11%
Illinois
7%
Géorgie
6%
Aucun quiz correspondant
Distribution des résultats
% des personnes avec chaque résultat
Percentile par nombre de réponses
Votre historique - résultats
Vous n’avez pas pris ce quiz